| 000 | 01009cam a2200277Ma 4500 | ||
|---|---|---|---|
| 005 | 20150616115755.0 | ||
| 008 | 150616s2010 enkabd fr 001 0 eng d | ||
| 020 | _a9781848135635 | ||
| 020 | _a1848135637 | ||
| 035 | _a(OCoLC)664682046 | ||
| 040 |
_aCO-BoUCM _bspa _cJose A. Gerena _dJose A. Gerena |
||
| 041 | 0 | _aeng | |
| 100 | 1 |
_aTeltumbe, Anand _969636 |
|
| 245 | 1 | 4 |
_aThe Lord's Resistance Army _bmyth and reality _cAnand Teltumbe |
| 260 |
_aLondres (Inglaterra) _bZed _c2010 |
||
| 300 |
_avii, 288 páginas _bilustraciones, mapas, cuadros, gráficas |
||
| 504 | _aIncluye referencias bibliográficas e índices | ||
| 650 | 7 |
_aProblemas sociales _922324 |
|
| 650 | 7 |
_aTerrorismo _zUganda (África) _925425 |
|
| 650 | 7 |
_aViolencia _9422 _xUganda (África) |
|
| 650 | 7 |
_aResistencia civil _zUganda (África) _923638 |
|
| 651 | 4 |
_aUganda (África) _xViolencia _969637 |
|
| 690 |
_942926 _aViolencia |
||
| 942 |
_2DEWEY _a5 _cLIBRO _e1 _h363.32596761 _mT277 |
||
| 999 |
_c299973 _d299973 |
||